000 00311 a2200157 4500
001 165256
020 _a
040 _cMagnum
100 _aCoelho, Ronaldo Simões
240 1 0 _aPerola torta
_lpor
245 1 0 _aPerola torta
362 0 _a1899
440 1 _aDimensão
697 _aIJ/GERAL
942 _cBK
999 _c165256
_d165256